| 000 | 00382nam a2200157Ia 4500 | ||
|---|---|---|---|
| 008 | 230711s9999||||xx |||||||||||||| ||und|| | ||
| 041 | _aENG | ||
| 082 |
_a629.8 _bZA-S |
||
| 100 | _aZak,Stanislaw H | ||
| 245 | 0 | _aSystems and control | |
| 250 | _a1st . Ed. | ||
| 260 |
_c2006 _aNew York _bOxford University Press |
||
| 300 | _a704 | ||
| 650 | _aElectrical Engineering | ||
| 942 | _cBK | ||
| 999 |
_c4489 _d4489 |
||